000 00279nam a2200109 a 4500
005 20201002044924.0
008 140403s1971 000 spa d
100 _aLamartine, M. A., de
_971515
245 0 _aRafael.
260 _aMadrid -- Libra,
_c1971 -- 202 p.
999 _c43181
_d43181
040 _aDO-SdBNP